Forest ecology : a foundation for sustainable forest management and environmental ethics in forestry

Bibliographic Details
Main Author: Kimmins, J. P.
Format: Book
Published: Upper Saddle River, NJ : Pearson Prentice Hall , 2004.
Edition:3rd ed.
Subjects:

MARC

LEADER 00000cam a2200000 7i4500
001 0000003394
005 20051214.0
020 0 0 |a 0130662585 
090 0 0 |a 577.3   |b KIM 
100 1 0 |a Kimmins, J. P. 
245 1 0 |a Forest ecology :   |b a foundation for sustainable forest management and environmental ethics in forestry   |c J.P. Kimmins. 
250 0 0 |a 3rd ed. 
260 0 0 |a Upper Saddle River, NJ :   |b Pearson Prentice Hall ,   |c 2004. 
300 |a xviii, 611p. :   |b ill. ;   |c 26cm. 
650 0 0 |a Forest ecology. 
999 |a 0000006246   |b Monograph   |c Open Shelf   |e Default branch